000 01578nam a22002177a 4500
003 IT-MiCISF
005 20250416144226.0
008 241217b |||||||| |||| 00| 0 eng d
020 _a9788892980372
040 _dIT-MiCISF
041 _ait
100 _aCeriotti Migliarese Mariolina
_956614
245 _aL'alfabeto degli affetti
260 _aMilano,
_bAres,
_c2021
300 _app. 182
500 _afamiglia, affettività, rapporti-familiari, relazione-di-coppia, educazione-familiare
520 _a«Conoscere e definire le proprie emozioni e i propri affetti non è cosa ovvia: è necessario sapersi guardare dentro, ma anche avere un linguaggio per mettere in parole ciò che si prova. Il mondo interiore è una realtà complessa e avvincente, cui non sempre riusciamo a dar voce per mancanza di parole. Il lavoro di psicoterapeuta mi mette continuamente di fronte proprio a questa sfida appassionante: accompagnare le persone a guardarsi dentro, a raccontarsi, a rielaborare la propria storia in una narrazione nuova e condivisa, ricca di significato». In questo nuovo libro Mariolina Ceriotti Migliarese, amata dal grande pubblico per le sue riflessioni sulla «Famiglia imperfetta », prende spunto dagli eventi della vita quotidiana per aiutarci a decifrare la polifonia delle nostre emozioni profonde: traccia così un percorso concreto e ricco di esperienza per riscoprire l'«alfabeto degli affetti» e fronteggiare le ansie del nostro tempo con uno sguardo aperto alla speranza.
650 _aFamiglia
654 _aantologia
942 _2ddc
_cBK
999 _c360277
_d360277